000 01543cam a2200265 4500
001 ABS66494
008 030401n2003 000 0 eng u
035 _a(Sirsi) u121842
100 _aArthur, R.
245 _aMade in Japan
260 _c2003
490 _aInside Housing
_v20(11) 21 March 2003, 18-19(2)
520 _aExamines the outstanding record of house building in Japan. Japan builds more houses, more quickly and is improving its housing stock much faster than Britain. Only 7% of its housing stock is publicly owned with about a quarter privately rented and two-thirds owner-occupied. Focuses on infrastructure issues such as population density and the post-war need to rebuild from scratch. Also looks at financial factors such as very low interest rates, 100% mortgages and massive infrastructure spending and considers innovation in house building techniques and the use of materials including the extensive market for complete off-site house manufacture. Concludes that unlike in Britain, in Japan there is a shared goal to produce land, loans and new types of housing to make it easy for the individual to commit to a new home. Table showing comparative Japan and UK housing starts 1997-2001.
590 _aABS
650 _aHOUSING STOCK
650 _aMORTGAGES
650 _aKIT HOUSES
650 _aOFF-SITE MANUFACTURING
650 _aPREFABRICATED HOUSING
650 _aPREFABRICATION
650 _aUNITED KINGDOM
650 _aJAPAN
690 _aBUILT ENVIRONMENT-CONSTRUCTION MARKET
942 _n0
999 _c72402
_d72402